[Event "Oberliga Ost-B 1920"]
[Site "Germany"]
[Date "2020.01.19"]
[Round "7.8"]
[White "Bakiev, Diyor"]
[Black "Zahn, Nicol"]
[Result "1-0"]
[WhiteElo "2118"]
[BlackElo "1849"]
[PlyCount "105"]
[EventDate "2019.09.29"]
[EventType "team-tourn"]
[EventRounds "11"]
[EventCountry "GER"]
[SourceTitle "EXT 2021"]
[Source "ChessBase"]
[SourceDate "2020.10.23"]
[SourceVersion "1"]
[SourceVersionDate "2020.10.23"]
[SourceQuality "1"]
[WhiteTeam "Wiesbaden"]
[BlackTeam "Schoeneck"]
[WhiteTeamCountry "GER"]
[BlackTeamCountry "GER"]

1. e4 c5 2. c3 e6 3. d4 cxd4 4. cxd4 Nf6 5. Bd3 d6 6. Nf3 Nc6 7. 0-0 Be7 8. Qe2 Nb4 9. Bb5+ Bd7 10. a3 Nc6 11. Nc3 0-0 12. Rd1 a6 13. Bd3 Qa5 14. d5 Ne5 15. Nxe5 dxe5 16. b4 Qc7 17. Bb2 Rad8 18. Rac1 Qb8 19. Bc4 exd5 20. Nxd5 Nxd5 21. Rxd5 Bd6 22. Rcd1 Be6 23. R5d2 Bxc4 24. Qxc4 Bc7 25. Rd5 Rxd5 26. exd5 Bd6 27. Rc1 h6 28. Qc3 Qd8 29. Qg3 f6 30. Qg4 f5 31. Qg6 Rf6 32. Qg3 Qe8 33. Qh3 Rf8 34. Re1 Qf7 35. Qb3 e4 36. Qc3 Re8 37. Qc4 Qh5 38. g3 Qf7 39. Bd4 Rd8 40. Rd1 f4 41. Bc5 Qh5 42. Re1 fxg3 43. hxg3 Kh8 44. Bb6 Re8 45. Rxe4 Rf8 46. Qd3 Rc8 47. Kg2 Rc1 48. Rh4 Qf7 49. Be3 Ra1 50. Bxh6 Kg8 51. Bf4 Bxf4 52. Qh7+ Kf8 53. Rxf4 1-0

[Event "GER-chT Federal Cup (Women)"]
[Site "Braunfels"]
[Date "2018.06.01"]
[Round "3.2"]
[White "Zahn, Nicol"]
[Black "Ries, Jutta"]
[Result "0-1"]
[WhiteElo "1880"]
[BlackElo "2016"]
[PlyCount "198"]
[EventDate "2018.05.31"]
[EventType "team-swiss"]
[EventRounds "5"]
[EventCountry "GER"]
[SourceTitle "EXT 2020"]
[Source "ChessBase"]
[SourceDate "2019.10.17"]
[SourceVersion "1"]
[SourceVersionDate "2019.10.17"]
[SourceQuality "1"]
[WhiteTeam "Hessen (W) II"]
[BlackTeam "Hessen (W)"]
[WhiteTeamCountry "GER"]
[BlackTeamCountry "GER"]

1. e4 Nf6 2. e5 Nd5 3. d4 d6 4. c4 Nb6 5. Bd3 dxe5 6. dxe5 Nc6 7. f4 Nb4 8. Be2 Qxd1+ 9. Kxd1 Bf5 10. Na3 e6 11. b3 Bc5 12. Nf3 0-0-0+ 13. Ke1 Nd3+ 14. Bxd3 Rxd3 15. Ke2 Rhd8 16. Nc2 Rxf3 17. gxf3 Bxc2 18. Be3 Nd7 19. Rac1 Bf5 20. Rcd1 Bxe3 21. Kxe3 Nc5 22. Rxd8+ Kxd8 23. Rd1+ Ke7 24. Rd2 Nd7 25. Rg2 Bg6 26. b4 f6 27. Kd4 Nb8 28. Re2 Bh5 29. Re3 Nc6+ 30. Kc3 Nd8 31. Kd4 Nc6+ 32. Kc3 Be8 33. a3 Nd8 34. Kd4 Bd7 35. b5 b6 36. Re1 Nb7 37. Rg1 Kf7 38. Kc3 Nc5 39. Rd1 Ke7 40. Rg1 g6 41. h4 c6 42. Rb1 cxb5 43. cxb5 Bc8 44. Kd4 Bb7 45. Ke3 Bd5 46. Rc1 Bb3 47. Kd4 Bd5 48. Rc3 h6 49. Ke3 Bb3 50. Kd4 fxe5+ 51. fxe5 Ba4 52. Kc4 g5 53. hxg5 hxg5 54. Rc1 Bb3+ 55. Kd4 Bd5 56. Ke3 Kf7 57. Rg1 Bc4 58. Rxg5 Bxb5 59. f4 Bd3 60. Rg1 Bf5 61. Rd1 Ke7 62. Rg1 a6 63. Rg7+ Kd8 64. Rg1 Kc7 65. Kd4 Kc6 66. Rg2 Nd3 67. Ke3 Kd5 68. Rd2 Kc4 69. Rc2+ Kb5 70. Rd2 Nc5 71. Rb2+ Ka5 72. Rb4 b5 73. Rd4 Nb7 74. Kd2 Kb6 75. Kc3 Na5 76. Rd6+ Nc6 77. Rd2 Kc5 78. Rd6 a5 79. Rd7 b4+ 80. axb4+ axb4+ 81. Kb3 Nd4+ 82. Kb2 Kc4 83. Rd8 Kd3 84. Rh8 Ke3 85. Rh4 b3 86. Kc3 Bc2 87. Rh6 Ne2+ 88. Kb2 Nxf4 89. Rh1 Nd3+ 90. Kc3 Nxe5 91. Re1+ Kf4 92. Re2 Kf5 93. Rf2+ Ke4 94. Rf8 Nd3 95. Re8 e5 96. Re7 Ke3 97. Rf7 Nf2 98. Re7 Nd1+ 99. Kc4 e4 0-1

[Event "GER-chT Federal Cup (Women)"]
[Site "Braunfels"]
[Date "2018.05.31"]
[Round "1.2"]
[White "Siegl, Melina"]
[Black "Zahn, Nicol"]
[Result "1-0"]
[WhiteElo "1998"]
[BlackElo "1880"]
[PlyCount "105"]
[EventDate "2018.05.31"]
[EventType "team-swiss"]
[EventRounds "5"]
[EventCountry "GER"]
[SourceTitle "EXT 2020"]
[Source "ChessBase"]
[SourceDate "2019.10.17"]
[SourceVersion "1"]
[SourceVersionDate "2019.10.17"]
[SourceQuality "1"]
[WhiteTeam "Bayern (W)"]
[BlackTeam "Hessen (W) II"]
[WhiteTeamCountry "GER"]
[BlackTeamCountry "GER"]

1. e4 c5 2. Nf3 e6 3. d3 Nc6 4. g3 g6 5. Bg2 Bg7 6. Qe2 d6 7. c3 Nge7 8. Be3 Rb8 9. 0-0 0-0 10. Qd2 b5 11. Bh6 b4 12. Re1 e5 13. d4 Qb6 14. d5 bxc3 15. bxc3 Na5 16. Bxg7 Kxg7 17. Na3 Ba6 18. Rab1 Qc7 19. h4 h5 20. Ng5 Rxb1 21. Rxb1 Rb8 22. Rxb8 Qxb8 23. f4 exf4 24. Qxf4 f6 25. Ne6+ Kf7 26. Qh6 Qg8 27. Bh3 Bc8 28. Qf4 a6 29. Qxd6 Nb7 30. Qc7 g5 31. hxg5 fxg5 32. Nc4 g4 33. d6 Nxd6 34. Nxd6+ Kxe6 35. Bf1 Qg5 36. Nxc8 Ng6 37. Qd6+ Kf7 38. Qd5+ Qxd5 39. exd5 Ne5 40. Bxa6 Ke8 41. Nd6+ Kd7 42. Ne4 Nf3+ 43. Kf2 Kc7 44. Be2 Ne5 45. c4 Kb6 46. Ke3 Nd7 47. Kf4 Ka5 48. Kg5 Kb4 49. Kxh5 Ne5 50. d6 Nxc4 51. Bxc4 Kxc4 52. d7 Kb4 53. Nxc5 1-0

[Event "GER-chT Federal Cup (Women)"]
[Site "Braunfels"]
[Date "2017.06.18"]
[Round "5.4"]
[White "Zahn, Nicol"]
[Black "Zpevakova, Jana"]
[Result "0-1"]
[WhiteElo "1863"]
[BlackElo "2093"]
[PlyCount "110"]
[EventDate "2017.06.15"]
[EventType "team-swiss"]
[EventRounds "5"]
[EventCountry "GER"]
[SourceTitle "CBM 179 Extra"]
[Source "ChessBase"]
[SourceDate "2017.08.23"]
[SourceVersion "1"]
[SourceVersionDate "2017.08.23"]
[SourceQuality "1"]
[WhiteTeam "Hessen (W) II"]
[BlackTeam "Wuerttemberg (W)"]
[WhiteTeamCountry "GER"]
[BlackTeamCountry "GER"]

1. e4 e6 2. d3 d5 3. Nd2 Bd6 4. Ngf3 c5 5. g3 Nc6 6. Bg2 Nge7 7. 0-0 0-0 8. Re1 Bc7 9. c3 b6 10. h4 Ba6 11. Bf1 Qd7 12. Qa4 Bb7 13. d4 Rad8 14. dxc5 bxc5 15. exd5 Nxd5 16. Ne4 Bb6 17. Qc2 f6 18. Bd2 Rfe8 19. Rad1 f5 20. Neg5 h6 21. Nh3 Qf7 22. Bc1 Bc7 23. Bg2 Kh8 24. a3 e5 25. c4 Nb6 26. Rxd8 Bxd8 27. b3 e4 28. Nh2 Nd4 29. Qb1 Nd7 30. Bb2 Ne5 31. Bxd4 cxd4 32. Nf4 Bb6 33. Ne2 Nd3 34. Rf1 Ne5 35. Nf4 g5 36. hxg5 hxg5 37. Nh3 Qh5 38. Qd1 Nf3+ 39. Nxf3 exf3 40. Nxg5 Qxg5 41. Bxf3 Bxf3 42. Qxf3 Re4 43. Kg2 Qg4 44. Rh1+ Kg7 45. Qxg4+ fxg4 46. Rd1 Re2 47. Rd3 Rc2 48. b4 Rxc4 49. Kf1 Kf6 50. Rd2 Ke5 51. Ke2 Ke4 52. Ke1 d3 53. Kd1 Bd8 54. f4 gxf3 55. Rh2 Bg5 0-1

[Event "GER-chT Federal Cup (Women)"]
[Site "Braunfels"]
[Date "2014.06.19"]
[Round "1.7"]
[White "Zahn, Nicol"]
[Black "Busch, Annette"]
[Result "1-0"]
[WhiteElo "1779"]
[BlackElo "1649"]
[PlyCount "123"]
[EventDate "2014.06.19"]
[EventType "team-swiss"]
[EventRounds "5"]
[EventCountry "GER"]
[SourceTitle "EXT 2015"]
[Source "ChessBase"]
[SourceDate "2014.11.20"]
[SourceVersion "1"]
[SourceVersionDate "2014.11.20"]
[SourceQuality "1"]
[WhiteTeam "Hessen (W)"]
[BlackTeam "Rheinland Pfalz (W)"]
[WhiteTeamCountry "GER"]
[BlackTeamCountry "GER"]

1. e4 c5 2. Nf3 d6 3. Bb5+ Bd7 4. Bxd7+ Nxd7 5. 0-0 Ngf6 6. Re1 e6 7. d4 cxd4 8. Qxd4 Qb6 9. Be3 Qxd4 10. Bxd4 Be7 11. e5 dxe5 12. Nxe5 Nxe5 13. Bxe5 0-0 14. Nd2 Rac8 15. c3 Rfd8 16. Nf3 Nd5 17. Rad1 Nb6 18. Rxd8+ Rxd8 19. Bc7 Rd5 20. Bxb6 axb6 21. Kf1 Bf6 22. Rc1 Kf8 23. Ke2 Ke7 24. Rd1 Ra5 25. a3 Rb5 26. Rd2 h6 27. Kd1 g5 28. h3 h5 29. Kc2 g4 30. hxg4 hxg4 31. Nd4 Rd5 32. Ne2 Rxd2+ 33. Kxd2 Be5 34. Kd3 f5 35. a4 Kd6 36. Kc4 Kc6 37. b4 f4 38. f3 gxf3 39. gxf3 Bc7 40. Nd4+ Kd7 41. Nb5 Be5 42. Kd3 Bb8 43. Ke4 Ke7 44. Nd4 Kf6 45. Ne2 e5 46. Nc1 Ke6 47. Nd3 Bd6 48. Nb2 Bb8 49. Nc4 Bc7 50. Na3 Bd6 51. Nb5 Bb8 52. c4 Kf6 53. Kd5 Kf5 54. Nc3 Kg5 55. Ne4+ Kh4 56. c5 bxc5 57. Nxc5 Kg3 58. Ke4 Bd6 59. Nxb7 Bxb4 60. a5 Bc3 61. a6 Bd4 62. Nd8 1-0

[Event "BL2 Sued 1314 (Women)"]
[Site "Germany"]
[Date "2014.02.16"]
[Round "5.2"]
[White "Mader, Lena"]
[Black "Zahn, Nicol"]
[Result "1/2-1/2"]
[WhiteElo "1881"]
[BlackElo "1924"]
[PlyCount "64"]
[EventDate "2013.11.30"]
[EventType "team-tourn"]
[EventRounds "7"]
[EventCountry "GER"]
[SourceTitle "EXT 2018"]
[Source "ChessBase"]
[SourceDate "2017.10.13"]
[SourceVersion "1"]
[SourceVersionDate "2017.10.13"]
[SourceQuality "1"]
[WhiteTeam "Mutterstadt (W)"]
[BlackTeam "Hofheim (W)"]
[WhiteTeamCountry "GER"]
[BlackTeamCountry "GER"]

1. Nf3 f5 2. c4 Nf6 3. g3 d6 4. d4 g6 5. Bg2 Bg7 6. 0-0 0-0 7. Nc3 c6 8. Re1 Qc7 9. e4 fxe4 10. Nxe4 Nxe4 11. Rxe4 Bf5 12. Re1 e5 13. dxe5 dxe5 14. Nh4 Be6 15. b3 Qf7 16. Be3 Nd7 17. Qc2 Nb6 18. Rad1 Rad8 19. Rxd8 Rxd8 20. Bg5 Re8 21. Qc1 Nd7 22. Bh6 Bf6 23. Nf3 Bf5 24. Ng5 Qe7 25. Ne4 Bh8 26. Qe3 a6 27. Rd1 Nf6 28. Bg5 Bxe4 29. Bxe4 Qc7 30. Bxf6 Bxf6 31. Qd3 Kg7 32. Qd7+ Qxd7 1/2-1/2

[Event "BL2 Sued 1314 (Women)"]
[Site "Germany"]
[Date "2014.01.26"]
[Round "3.3"]
[White "Zimmer, Elke"]
[Black "Zahn, Nicol"]
[Result "1/2-1/2"]
[WhiteElo "1950"]
[BlackElo "1924"]
[PlyCount "118"]
[EventDate "2013.11.30"]
[EventType "team-tourn"]
[EventRounds "7"]
[EventCountry "GER"]
[SourceTitle "EXT 2018"]
[Source "ChessBase"]
[SourceDate "2017.10.13"]
[SourceVersion "1"]
[SourceVersionDate "2017.10.13"]
[SourceQuality "1"]
[WhiteTeam "Wadgassen/Differten (W)"]
[BlackTeam "Hofheim (W)"]
[WhiteTeamCountry "GER"]
[BlackTeamCountry "GER"]

1. e4 c5 2. Nc3 Nc6 3. g3 g6 4. Bg2 Bg7 5. d3 e6 6. Be3 d6 7. Qd2 a6 8. Nge2 Nge7 9. 0-0 0-0 10. Bh6 b5 11. Bxg7 Kxg7 12. g4 b4 13. Nd1 d5 14. Ng3 dxe4 15. Nxe4 e5 16. Nxc5 Bxg4 17. Qg5 Bxd1 18. Raxd1 h6 19. Qe3 Qa5 20. Nd7 Rfd8 21. Qb6 Qxb6 22. Nxb6 Rab8 23. Nc4 f6 24. Rfe1 Nd4 25. Rd2 Nd5 26. Na5 Rb5 27. Nb3 Nf4 28. Nxd4 Rxd4 29. Re4 Nxg2 30. Kxg2 f5 31. Rxd4 exd4 32. Re2 Kf6 33. h4 Re5 34. Rd2 Re1 35. c3 bxc3 36. bxc3 dxc3 37. Rc2 Re6 38. Rxc3 Ke5 39. Rc4 Rd6 40. Ra4 g5 41. Ra5+ Kf6 42. hxg5+ Kxg5 43. d4 Kf4 44. d5 Ke4 45. f3+ Ke5 46. Kf2 f4 47. Kg2 Rg6+ 48. Kf2 Rd6 49. Ke2 h5 50. Kf2 h4 51. Kg2 Rg6+ 52. Kh3 Rg3+ 53. Kxh4 Rxf3 54. d6+ Kxd6 55. Rxa6+ Ke5 56. Ra5+ Ke4 57. Ra4+ Kf5 58. Ra5+ Ke4 59. Ra4+ Kf5 1/2-1/2

[Event "GER-chT Federal Cup (Women)"]
[Site "Braunfels"]
[Date "2013.05.31"]
[Round "3.7"]
[White "Zahn, Nicol"]
[Black "Naipal, Victoria"]
[Result "1-0"]
[WhiteElo "1933"]
[BlackElo "1816"]
[PlyCount "101"]
[EventDate "2013.05.30"]
[EventType "team-swiss"]
[EventRounds "5"]
[EventCountry "GER"]
[SourceTitle "EXT 2014"]
[Source "ChessBase"]
[SourceDate "2013.11.20"]
[SourceVersion "1"]
[SourceVersionDate "2013.11.20"]
[SourceQuality "1"]
[WhiteTeam "Hessen (W)"]
[BlackTeam "Hamburg (W)"]
[WhiteTeamCountry "GER"]
[BlackTeamCountry "GER"]

1. e4 c5 2. Nf3 d6 3. Bb5+ Bd7 4. Bxd7+ Nxd7 5. 0-0 g6 6. c3 Bg7 7. d4 Ngf6 8. Qe2 e5 9. dxe5 dxe5 10. c4 0-0 11. Nc3 Qe7 12. b3 Rad8 13. Bb2 Nb8 14. Nd5 Nxd5 15. exd5 e4 16. Bxg7 Kxg7 17. Rae1 f5 18. Qb2+ Qf6 19. Qxf6+ Kxf6 20. Nd2 Rfe8 21. Re3 Nd7 22. f3 exf3 23. Rxe8 Rxe8 24. Nxf3 Re2 25. Rf2 Rxf2 26. Kxf2 Ne5 27. Nxe5 Kxe5 28. a3 b5 29. a4 bxc4 30. bxc4 a5 31. h4 h6 32. Kf3 g5 33. g3 g4+ 34. Ke3 h5 35. Kf2 Kd6 36. Ke2 Ke7 37. Ke3 Kf7 38. Kf4 Kf6 39. d6 Ke6 40. d7 Kxd7 41. Kxf5 Kd6 42. Kf6 Kd7 43. Ke5 Kc7 44. Kd5 Kb6 45. Kd6 Kb7 46. Kxc5 Kc7 47. Kb5 Kd6 48. Kb6 Kd7 49. c5 Kc8 50. Kc6 Kb8 51. Kd7 1-0

[Event "GER-chT Federal Cup (Women)"]
[Site "Braunfels"]
[Date "2013.05.30"]
[Round "1.7"]
[White "Zahn, Nicol"]
[Black "Aden, Dagmar"]
[Result "0-1"]
[WhiteElo "1933"]
[BlackElo "1881"]
[PlyCount "66"]
[EventDate "2013.05.30"]
[EventType "team-swiss"]
[EventRounds "5"]
[EventCountry "GER"]
[SourceTitle "EXT 2014"]
[Source "ChessBase"]
[SourceDate "2013.11.20"]
[SourceVersion "1"]
[SourceVersionDate "2013.11.20"]
[SourceQuality "1"]
[WhiteTeam "Hessen (W)"]
[BlackTeam "Niedersachsen (W)"]
[WhiteTeamCountry "GER"]
[BlackTeamCountry "GER"]

1. e4 c5 2. Nf3 d6 3. Bb5+ Bd7 4. Bxd7+ Qxd7 5. 0-0 Nc6 6. c3 Nf6 7. Re1 g6 8. d4 cxd4 9. cxd4 Bg7 10. Nc3 0-0 11. h3 Rac8 12. Be3 Na5 13. Nd2 Nc4 14. Nxc4 Rxc4 15. e5 Ne8 16. Qd3 d5 17. Rac1 e6 18. b3 Rc6 19. Na4 Rxc1 20. Rxc1 b6 21. Qa6 f6 22. f4 fxe5 23. fxe5 Qf7 24. Nc3 g5 25. Nb5 g4 26. Nxa7 gxh3 27. gxh3 Qf3 28. Qd3 Qg3+ 29. Kh1 Qxh3+ 30. Kg1 Qg3+ 31. Kh1 Rf2 32. Bxf2 Qxd3 33. Rg1 Qh3# 0-1

[Event "BL2 Mitte 1011 (Women)"]
[Site "Germany"]
[Date "2010.12.05"]
[Round "4.2"]
[White "Troyke, Doreen"]
[Black "Zahn, Nicol"]
[Result "1-0"]
[WhiteElo "2078"]
[BlackElo "1947"]
[PlyCount "47"]
[EventDate "2010.11.06"]
[EventType "team-tourn"]
[EventRounds "7"]
[EventCountry "GER"]
[SourceTitle "EXT 2012"]
[Source "ChessBase"]
[SourceDate "2011.11.24"]
[SourceVersion "1"]
[SourceVersionDate "2011.11.24"]
[SourceQuality "1"]
[WhiteTeam "Erfurt Medizin (W)"]
[BlackTeam "Hofheim (W)"]
[WhiteTeamCountry "GER"]
[BlackTeamCountry "GER"]

1. g3 f5 2. Bg2 Nf6 3. c4 e5 4. Nc3 d6 5. d3 c6 6. e3 Be7 7. Nge2 0-0 8. 0-0 Be6 9. b3 Qe8 10. f4 Nbd7 11. Qd2 h6 12. Bb2 g5 13. Rae1 Qg6 14. e4 gxf4 15. gxf4 Nh5 16. Kh1 Bh4 17. Rd1 Kh7 18. d4 fxe4 19. dxe5 dxe5 20. Bxe4 Bf5 21. Qxd7+ Bxd7 22. Rxd7+ Ng7 23. Bxg6+ Kxg6 24. Rg1+ 1-0

[Event "GER-chT Federal Cup (Women)"]
[Site "Braunfels"]
[Date "2010.06.06"]
[Round "5"]
[White "Zahn, Nicol"]
[Black "Kube, Hannelore"]
[Result "1/2-1/2"]
[WhiteElo "1960"]
[BlackElo "2001"]
[PlyCount "29"]
[EventDate "2010.06.03"]
[EventType "team-swiss"]
[EventRounds "5"]
[EventCountry "GER"]
[SourceTitle "CBM 136 Extra"]
[Source "ChessBase"]
[SourceDate "2010.07.02"]
[SourceVersion "2"]
[SourceVersionDate "2010.07.15"]
[SourceQuality "1"]

1. e4 e5 2. Nf3 Nf6 3. d3 Nc6 4. Nc3 d6 5. Be2 Be7 6. 0-0 0-0 7. h3 h6 8. Be3 d5 9. exd5 Nxd5 10. Nxd5 Qxd5 11. d4 exd4 12. Nxd4 Nxd4 13. Qxd4 Qxd4 14. Bxd4 Bf5 15. c3 1/2-1/2

[Event "GER-chT Federal Cup (Women)"]
[Site "Braunfels"]
[Date "2010.06.05"]
[Round "4"]
[White "Buecker, Simone"]
[Black "Zahn, Nicol"]
[Result "0-1"]
[WhiteElo "1674"]
[BlackElo "1960"]
[PlyCount "44"]
[EventDate "2010.06.03"]
[EventType "team-swiss"]
[EventRounds "5"]
[EventCountry "GER"]
[SourceTitle "CBM 136 Extra"]
[Source "ChessBase"]
[SourceDate "2010.07.02"]
[SourceVersion "2"]
[SourceVersionDate "2010.07.15"]
[SourceQuality "1"]

1. d4 f5 2. Nf3 Nf6 3. Bf4 d6 4. h3 g6 5. Nc3 Bg7 6. Qd2 c6 7. Bh6 0-0 8. 0-0-0 Qa5 9. Bxg7 Kxg7 10. Qf4 Be6 11. Ng5 Bg8 12. g4 Nd5 13. Nxd5 Qxd5 14. Qf3 Qxa2 15. Qe3 Qa1+ 16. Kd2 Qa5+ 17. Kc1 e5 18. gxf5 Rxf5 19. Ne4 Qa1+ 20. Kd2 Qxb2 21. dxe5 Rxe5 22. f4 Qb4+ 0-1

[Event "GER-chT Federal Cup (Women)"]
[Site "Braunfels"]
[Date "2010.06.04"]
[Round "2"]
[White "Just, Gabriele"]
[Black "Zahn, Nicol"]
[Result "1-0"]
[WhiteElo "1936"]
[BlackElo "1960"]
[PlyCount "69"]
[EventDate "2010.06.03"]
[EventType "team-swiss"]
[EventRounds "5"]
[EventCountry "GER"]
[SourceTitle "CBM 136 Extra"]
[Source "ChessBase"]
[SourceDate "2010.07.02"]
[SourceVersion "2"]
[SourceVersionDate "2010.07.15"]
[SourceQuality "1"]

1. d4 f5 2. Bg5 Nf6 3. Nf3 d5 4. Bxf6 exf6 5. e3 g6 6. Bd3 Bg7 7. 0-0 0-0 8. c4 Be6 9. Qb3 dxc4 10. Bxc4 Bxc4 11. Qxc4+ Kh8 12. Rc1 c6 13. Nc3 Nd7 14. a4 Rc8 15. a5 a6 16. Qb3 Rc7 17. Ra4 Re8 18. Rc4 Bf8 19. Nd5 Ne5 20. Nxc7 Nxf3+ 21. gxf3 Qxc7 22. Qc3 Bd6 23. f4 g5 24. d5 Qg7 25. Kh1 Rg8 26. Rg1 Qh6 27. dxc6 Kg7 28. Rxg5+ Kf7 29. Rxg8 Qh5 30. Rg3 Qd1+ 31. Kg2 bxc6 32. Rxc6 Qd5+ 33. Kh3 Ke7 34. Qc4 Qd1 35. Rg7+ 1-0

[Event "BL2 Sued 0910 (Women)"]
[Site "Germany"]
[Date "2009.12.06"]
[Round "4.3"]
[White "Horvath, Maria"]
[Black "Zahn, Nicol"]
[Result "1-0"]
[WhiteElo "2001"]
[BlackElo "1960"]
[PlyCount "71"]
[EventDate "2009.11.07"]
[EventType "team-tourn"]
[EventRounds "7"]
[EventCountry "GER"]
[SourceTitle "CBM 133 Extra"]
[Source "ChessBase"]
[SourceDate "2010.01.05"]
[SourceVersion "1"]
[SourceVersionDate "2010.01.05"]
[SourceQuality "1"]
[WhiteTeam "Augsburg (W)"]
[BlackTeam "Hofheim (W)"]
[WhiteTeamCountry "GER"]
[BlackTeamCountry "GER"]

1. d4 f5 2. Nf3 Nf6 3. g3 g6 4. Bg2 Bg7 5. c4 d6 6. 0-0 0-0 7. Nc3 Nc6 8. d5 Ne5 9. Nxe5 dxe5 10. e4 Rb8 11. Qe2 fxe4 12. Nxe4 Nxe4 13. Bxe4 e6 14. Bd2 Qd6 15. Bc3 exd5 16. Bxd5+ Be6 17. Rad1 c6 18. Bxe6+ Qxe6 19. Rfe1 Rfe8 20. b3 Re7 21. Qe4 Rbe8 22. Rd2 Qf5 23. Rde2 Bf6 24. Qg2 Kf7 25. Re4 Qd7 26. Qf3 Qf5 27. Qe2 Qd7 28. Qe3 b6 29. Qh6 Bg7 30. Qh4 Qd6 31. f4 exf4 32. Qxh7 Rxe4 33. Qxg7+ Ke6 34. Rxe4+ Kf5 35. Rxe8 fxg3 36. Qe5+ 1-0

[Event "BL2 West 0708 (Women)"]
[Site "Germany"]
[Date "2007.12.02"]
[Round "4.1"]
[White "Zahn, Nicol"]
[Black "Mader, Manuela"]
[Result "0-1"]
[WhiteElo "1979"]
[BlackElo "2203"]
[PlyCount "50"]
[EventDate "2007.11.10"]
[EventType "team-tourn"]
[EventRounds "7"]
[EventCountry "GER"]
[SourceTitle "EXT 2009"]
[Source "ChessBase"]
[SourceDate "2008.11.26"]
[SourceVersion "1"]
[SourceVersionDate "2008.11.26"]
[SourceQuality "1"]
[WhiteTeam "Hofheim (W)"]
[BlackTeam "Walldorf (W)"]
[WhiteTeamCountry "GER"]
[BlackTeamCountry "GER"]

1. e4 c6 2. Nf3 d5 3. Nc3 Bg4 4. h3 Bxf3 5. Qxf3 e6 6. exd5 cxd5 7. Bb5+ Nc6 8. 0-0 Nf6 9. Re1 Be7 10. d4 0-0 11. Be3 Rc8 12. Rad1 Qb6 13. Qg3 Kh8 14. Bxc6 Rxc6 15. Bc1 Bb4 16. Re3 Rfc8 17. Red3 Ne4 18. Nxe4 Rxc2 19. Ng5 Rxc1 20. Kh2 Kg8 21. Qh4 h6 22. Nf3 Bd6+ 23. g3 Qxb2 24. R1d2 Qb1 25. Rb3 Rh1+ 0-1

[Event "GER-chT Federal Cup (Women)"]
[Site "Braunfels"]
[Date "2006.05.07"]
[Round "5"]
[White "Kickert, Germaine Helene"]
[Black "Zahn, Nicol"]
[Result "0-1"]
[WhiteElo "1913"]
[BlackElo "2029"]
[PlyCount "92"]
[EventDate "2006.05.04"]
[EventType "team-swiss"]
[EventRounds "5"]
[EventCountry "GER"]
[SourceTitle "EXT 2010"]
[Source "ChessBase"]
[SourceDate "2010.11.25"]
[SourceVersion "1"]
[SourceVersionDate "2010.11.25"]
[SourceQuality "1"]

1. e4 c5 2. Nf3 e6 3. d4 cxd4 4. Nxd4 a6 5. Nc3 Qc7 6. Be3 Nf6 7. a3 b5 8. f3 Bb7 9. Qd2 d5 10. exd5 Nxd5 11. Nxd5 Bxd5 12. Bd3 Nd7 13. 0-0 Bd6 14. f4 0-0 15. Bxb5 Nf6 16. Be2 Ne4 17. Qd3 Nf6 18. c4 Be4 19. Qd2 Rfd8 20. Qc1 Rac8 21. Nf3 Ng4 22. Kh1 Bb7 23. Nh4 Nxe3 24. Qxe3 Bc5 25. Qc1 Qd6 26. Nf3 Qc6 27. b4 Be7 28. Qc2 Qc7 29. Nd2 Rd4 30. Nf3 Rxf4 31. Rad1 g6 32. Rd4 Rxd4 33. Nxd4 Rd8 34. Rd1 Qf4 35. Nf3 Bxf3 36. Rxd8+ Bxd8 37. Bxf3 Bc7 38. Kg1 Qe3+ 39. Kf1 Bxh2 40. Qf2 Qc1+ 41. Qe1 Qxc4+ 42. Be2 Qf4+ 43. Bf3 Qd4 44. Qd1 Qe3 45. Qa4 Bg3 46. Qc2 Qe1# 0-1

[Event "Halle-chT (Women)"]
[Site "Halle"]
[Date "2005.04.14"]
[Round "1.2"]
[White "Zahn, Nicol"]
[Black "Rudolph, Anna"]
[Result "0-1"]
[WhiteElo "1998"]
[BlackElo "2237"]
[PlyCount "64"]
[EventDate "2005.04.14"]
[EventType "team"]
[EventRounds "5"]
[EventCountry "GER"]
[SourceTitle "CBM 105 Extra"]
[Source "ChessBase"]
[SourceDate "2005.05.01"]
[SourceVersion "1"]
[SourceVersionDate "2005.05.01"]
[SourceQuality "1"]

1. e4 c5 2. Nf3 e6 3. d3 d5 4. Nbd2 Nc6 5. g3 Bd6 6. Bg2 Nge7 7. 0-0 0-0 8. Re1 b6 9. c3 Bc7 10. Nf1 Ba6 11. exd5 Nxd5 12. d4 cxd4 13. Nxd4 Nxd4 14. Qxd4 Rb8 15. c4 Ne7 16. Qg4 Ng6 17. Bg5 Qd3 18. b3 Ne5 19. Be4 Qxf1+ 20. Kxf1 Nxg4 21. h3 Nf6 22. Bc2 Rfd8 23. h4 h6 24. Be3 Bd6 25. Re2 Rbc8 26. a4 Bb4 27. Rc1 Rd7 28. Rb1 Rcd8 29. Bc1 Bb7 30. Bb2 Rd2 31. Rxd2 Rxd2 32. Bd1 Be4 0-1